000 01838cad a22002535a 4500
001 L154339
008 111114s2011 xxub f s 000 0 eng d
035 _a(Sirsi) u154339
041 0 _aeng
110 2 _aPramerica Real Estate Investors
_95594
245 0 0 _aLatin American quarterly outlook
_bOctober 2011
_h[electronic resource]
260 _aParsipanny, NJ
_bPramerica Real Estate Investors
_c2011
490 0 _aPREI Latin American Quarterly Outlook
_vOctober 2011
520 _aInvestors in the region are cautious in the wake of global market volatility leading to the depreciation of local currencies. Commercial real estate transaction volume in Latin America in 1H 2011 was US$5.6bn, nearly triple 1H 2010's US$ 1.9bn and fast approaching the full-year 2010 volume, with Brazil dominating deal flow. Retail sales in Brazil and Chile remain strong with Mexico showing a sustained and gradual improvement for the first time since the global financial crisis. Office demand is robust in Brazil and Chile and the main industrial markets are strong. Lists attractive risk-adjusted investment opportunities.
520 _aPREI Latin American Quarterly Market Perspective up to April 2011
590 _aKA
650 2 4 _aPREI LATIN AMERICAN QUARTERLY OUTLOOK
651 4 _aLatin America
690 _aPROPERTY-COMMERCIAL PROPERTY-COMMERCIAL PROPERTY MARKET
690 _aPROPERTY-COMMERCIAL PROPERTY-COMMERCIAL PROPERTY FINANCE AND INVESTMENT
856 4 0 _uhttps://www.pramericarei.com/pramerica/pdf/realestate/Pra_LatAmQ_Oct_11.pdf
_zView the item free of charge (PDF file) at www.pramericarei.com
856 4 0 _uhttps://www.pramericarei.com/pramerica/realestate/pra_research_frameset.html
_zView the archive back to July 2008 free of charge after clicking on the research archive link at www.pramericarei.com
942 _n0
999 _c112942
_d112942